Marriage insurance. (Record no. 14636)

000 -LEADER
fixed length control field 00562nam a2200193 a 4500
001 - CONTROL NUMBER
control field :::00012468$&:&@@
003 - CONTROL NUMBER IDENTIFIER
control field OkBaRHE
005 - DATE AND TIME OF LATEST TRANSACTION
control field 20000607103419.0
008 - FIXED-LENGTH DATA ELEMENTS--GENERAL INFORMATION
fixed length control field s1988 j 000 0 eng u
040 ## - CATALOGING SOURCE
Transcribing agency
100 1# - MAIN ENTRY--PERSONAL NAME
Personal name Harley, Willard F.
245 10 - TITLE STATEMENT
Title Marriage insurance.
260 ## - PUBLICATION, DISTRIBUTION, ETC. (IMPRINT)
Place of publication, distribution, etc Old Tappan, NJ., :
Name of publisher, distributor, etc F. H. Revell
Date of publication, distribution, etc c1988
300 ## - PHYSICAL DESCRIPTION
Extent 224 p. ;
Dimensions 24 cm.
650 ## - SUBJECT ADDED ENTRY--TOPICAL TERM
Topical term or geographic name as entry element Interpersonal Relations
650 ## - SUBJECT ADDED ENTRY--TOPICAL TERM
Topical term or geographic name as entry element Marriage
942 ## - ADDED ENTRY ELEMENTS (KOHA)
Source of classification or shelving scheme
Koha item type Books
Copies
Copy number Lost status Permanent Location Price effective from Koha item type Damaged status Withdrawn status Full call number Barcode Not for loan Source of classification or shelving scheme Shelving location Date acquired Date last seen
1 RHEMA Bible Training College2010-04-14Books  HQ 734 .H285312468  General Stacks2010-04-142010-04-14